Statystyki dla Organizator MŚ w piłce nożnej

Kliknij tutaj aby rozwiązać quiz!

Ogólne statystyki

  • Ten quiz został rozwiązany 280 razy
  • Średni wynik to 13 z 15

Statystyki odpowiedzi

RokOrganizator% Poprawnych
2018Rosja
100%
2014Brazylia
99%
2006Niemcy
98%
1974Niemcy
98%
1998Francja
95%
2010RPA
89%
1982Hiszpania
88%
1978Argentyna
87%
1990Włochy
87%
1994USA
86%
1986Meksyk
78%
1970Meksyk
78%
2002Korea Południowa
76%
1966Anglia
71%
1962Chile
47%

Rozkład punktacji

Percentyl według liczby udzielonych odpowiedzi

Procent ludzi z każdym wynikiem

Twoja historia wyników

Nie rozwiązałeś tego quizu